Score 0/105 Timer 10:00
0 Plays Today
% Correct
Jason
93.2%
Jason
93.2%
Adam
92.9%
Adam
92.9%
Tommy
92.1%
Tommy
92.1%
Tommy
92.1%
Rocky
89.9%
Rocky
89.9%
Billy
89.7%
Trini
89.7%
Zack
88.9%
Kim
88.6%
Kat
78%
Kat
78%
Tanya
72.8%
T.J.
70.1%
T.J
70.1%
Andros
67.7%
Ashley
67.4%
Ashley
67.4%
Wes
67.4%
Justin
67.1%
Mike
67.1%
Mike
67.1%
Carlos
66.8%
Carlos
66.8%
Cassie
66.6%
Cassie
66.6%
Jen
65.8%
Leo
65.2%
Carter
64.9%
Kendrix
64.1%
Dana
63.9%
Cole
63.9%
% Correct
Kai
63.3%
Joel
62.8%
Zhane
62.5%
Maya
62.5%
Damon
62.5%
Alyssa
62.5%
Lucas
62.2%
Chad
62%
Eric
62%
Tori
62%
Trip
61.7%
Danny
61.4%
Katie
61.1%
Max
61.1%
Shane
61.1%
Kelsey
60.9%
Taylor
60.9%
Ryan
60.6%
Blake
59.5%
Merrick
59.2%
Hunter
58.4%
Cam
57.3%
Kira
57.1%
Trent
57.1%
Bridge
57.1%
Conner
56.3%
Sky
56.3%
Syd
55.4%
Jack
55.4%
Ethan
54.3%
Sam
52.7%
Nick
50.3%
Mack
50%
Chip
49.2%
Madison
49.2%
% Correct
Casey
49.2%
Nova
48.4%
Udonna
48.4%
Xander
48.1%
Vida
47.8%
Dax
47%
R.J.
46.5%
Scott
45.9%
Will
45.7%
Lily
45.7%
Daggeron
45.4%
Ronny
45.1%
Rose
45.1%
Theo
45.1%
Jayden
44.8%
Dom
44.6%
Tyzonn
43.8%
Flynn
43.8%
Summer
43.5%
Gem
43.5%
Mia
43.5%
Leanbow
43.2%
Ziggy
43.2%
Dillon
42.4%
Gemma
42.4%
Kevin
41.3%
Emily
41.3%
Antonio
40.8%
Master Finn
38%
Master Swoop
37.5%
Z
37.2%
Master Phant
36.7%
Ashia
33.7%
Waldo 'Dustin'
19.3%
Doggie Crugger
10.1%
Remove Ads.
Support Sporcle.
Get the best of Sporcle when you Go Orange. This ad-free experience offers more features, more stats, and more fun while also helping to support Sporcle. Thank you for becoming a member.

You're not logged in!

Compare scores with friends on all Sporcle quizzes.
OR
Log In

Sporcle TV

Today on Sporcle TV


Watch our educational content, quiz creation guides, and fun videos on Sporcle TV.

Show Comments

Extras

Created Jul 12, 2011ReportNominate
Tags:Power, Ranger

Top Quizzes Today


Score Distribution

Paid Content

Your Account Isn't Verified!

In order to create a playlist on Sporcle, you need to verify the email address you used during registration. Go to your Sporcle Settings to finish the process.

Report this User

Report this user for behavior that violates our Community Guidelines.

Details: